Previdn̊cia Social. Custeio e benefc̕ios /

Detalles Bibliográficos
Autor principal: Salles Vilela Vianna, Clùdia
Formato: eBook
Lenguaje:portugués
Publicado: San Pablo: LTR Editora, 2014
Materias:
Acceso en línea:Acceso restringido

MARC

LEADER 00000nam a22000007a 4500
005 20140522232229.0
007 cr|||| ||||
008 140522s2014 br |||||s|||| 00||0 por d
020 |a 978-85-361-2850-4 
035 |a 12133 
040 |a vLex 
090 |c 4940  |d 4940 
100 1 |a Salles Vilela Vianna, Clùdia 
245 1 0 |a Previdn̊cia Social.  |h [Recurso electrn̤ico] :  |b Custeio e benefc̕ios /  |c Clùdia Salles Vilela Vianna 
256 |a Servicio en ln̕ea 
260 |a San Pablo:  |b LTR Editora,  |c 2014 
300 |a 1 recurso electrn̤ico 
506 1 |a Disponible solo en los productos indicados  |d vLex Global  |d vLex Global (Academic Edition, excluding Law Schools)  |d vLex Global (U.S. Academic Edition, Law Schools)  |d vLex Global (U.S. Academic Edition, excluding Law Schools)  |d vLex Global (Academic Edition, Law Schools) 
650 0 4 |a Seguridad Social  |z Brasil 
740 0 |a vLex Libros (Servicio en ln̕ea) 
856 4 0 |u http://vlex.com/source/previd-ncia-social-12133  |z Acceso restringido 
942 |c BOOK 
999 0 |a Social Security